000 00415nab a22001217u 4500
008 130520b2003 xxu||||| |||| 00| 0 spa d
041 _aspa
100 1 _aHogan, Linda
_949013
245 0 0 _aLa construcción de la dignidad humana en el diálogo interreligioso
_cLinda Hogan, John D' Arcy May
700 1 _aArcy May, John D'
_970437
773 0 _tConcilium
_gnº300,2003,págs. 89-104
_x0210-1041
_wRev134
942 _cAR
999 _c363801
_d363801